000 00788cam a22002777a 4500
999 _c329539
_d329539
001 4468058
003 NUST
005 20170615130532.0
008 950901s1995 pk 000 0 urdo
010 _a 95930253
020 _a9789693505566
025 _aP-U-031553
040 _aDLC
_cDLC
_dDLC
042 _alcode
050 0 0 _aMLCSA 94/01674 (P)
082 _a891.4393
_bAHM
100 0 _aAshfāq Aḥmad,
_d1925-2004.
_9639
245 1 0 _aBand galī :
_bḍrāme /
_cAshfāq Aḥmad.
260 _aLāhore :
_c1995.
_bSang-i Mīl Pablīkeshanz,
300 _a536 p. ;
_c22 cm.
500 _aPlays.
500 _aIn Urdu.
500 _aP. 533-536 blank.
880 _6100-01\(3\
_aاشفاق احمد
880 _6245-02\(3\r
_aبند گلی
_bڈرامے
_cاشفاق احمد
880 _6260-03\(3\r
_aلاہور:
_bسنگ میل پبلی کیشنز،
_c2009
906 _a7
_bcbc
_corigode
_du
_encip
_f19
_gy-gencatlg
942 _2ddc
_cBK